|
|
|
|
| LEADER |
00663nam a2200205Ia 4500 |
| 008 |
240829s9999 xx 000 0 und d |
| 040 |
|
|
|a BIBLIOTECA-RUSB/ Ref 363.731 N583L
|
| 041 |
|
|
|a spa
|
| 082 |
|
|
|a Ref 363.731 N583L
|
| 100 |
1 |
|
|a Nicaragua. Ministerio del Ambiente y los Recursos Naturales
|
| 245 |
1 |
0 |
|a Estudio de ramas industriales rama : lácteos
|
| 260 |
|
|
|a Managua
|b MARENA
|c 2004
|
| 300 |
|
|
|a 100 p. :il.
|
| 650 |
7 |
|
|a CONTAMINACIÓN INDUSTRIAL
|
| 650 |
7 |
|
|b CONTAMINACION - CONTROL INDUSTRIAL
|
| 650 |
7 |
|
|c INDUSTRIA LECHERA - CONTAMINACIÓN AMBIENTAL
|
| 650 |
7 |
|
|d INDUSTRIA - PRODUCTOS LÁCTEOS
|
| 942 |
|
|
|c BK
|2 ddc
|
| 991 |
|
|
|a TEXTO
|
| 999 |
|
|
|c 5910
|